Sports Quiz

Random Sports Quiz

Reggie Sanders' Career Quiz Stats

 Plays Quiz not verified by Sporcle

Challenge
Share
Tweet
Embed
Score 0/14 Timer 04:00
0 Plays Today
Years With Team Team % Correct
1990Cedar Rapids Reds
98%
1991-1998Cincinnati Reds
98%
2004-2005St. Louis Cardinals
84.7%
2002San Francisco Giants
83.7%
2006-2007Kansas City Royals
80.6%
1999San Diego Padres
77.6%
2000Atlanta Braves
77.6%
Years With Team Team % Correct
2003Pittsburgh Pirates
74.5%
2001Arizona Diamondbacks
69.4%
1996-1997Indianapolis Indians
53.1%
1991, 1997Chattanooga Lookouts
5.1%
1988Billings Mustangs
3.1%
2001Tucson Sidewinders
3.1%
1989Greensboro Hornets
1%

You're not logged in!

Compare scores with friends on all Sporcle quizzes.
Join for Free
OR
Log In

You Might Also Like...

Show Comments

Extras

Created Mar 23, 2010ReportNominate
Tags:career, minor, reggie, sander, team

Top Quizzes Today


Score Distribution

Your Account Isn't Verified!

In order to create a playlist on Sporcle, you need to verify the email address you used during registration. Go to your Sporcle Settings to finish the process.

Report this User

Report this user for behavior that violates our Community Guidelines.

Details: